000 00586nam a22001697a 4500
003 UA-OsUOA
001 19227
007 ta
008 20040728b un ||||| |||| 00| 0 ukr d
942 _cSA
040 _aUA-OsUOA
_cUA-OsUOA
_dUA-OsUOA
245 _aЗдобув грант - отримай комп'ютер
_b[Здолбунів. район. б-ка отримала п'ять комп'ютерів]
300 _aС.1
955 _a0
773 0 _w0
_tВісті Рівненщини
_dРівне
_d2004
_g№67/21 лип./
650 7 _aКраєзнавча робота
_2UDC
999 _c305398
_d305398